000 00661nam a2200229 i 4500
001 bg
100 1 _aKOŻUCHOWSKI, Jan
245 1 0 _aSterowanie systemami elekroenergetycznymi /
_cJan Kożuchowski.
260 _aWarszawa :
_bWydaw. Naukowe PWN,
_c1994.
300 _a180 s. :
_brys., wykr. ;
_c24 cm.
504 _aBibliogr. s. 172-180.
650 9 _aElektroenergetyka
_xautomatyzacja
650 9 _aSterowanie
_xelektroenergetyka
655 _aPodręczniki akademickie
020 _a8301112506
040 _cBPK
041 0 _apl
080 _a621.31-52(075.8)
920 _a83-01-11250-6
942 _cKS
008 s pl f |000 0 pol
999 _c24456
_d24456
856 _uhttp://koha.tu.koszalin.pl/cgi-bin/koha/opac-detail.pl?biblionumber=24456
_yKatalog online BPK